Specjalizacje lekarskie - Statystyki

Ogólne statystyki
  • Ten quiz został rozwiązany 51 razy
  • Średni wynik to 13 z 31
Statystyki odpowiedzi
Specjalizacja % Poprawnych
ginekolog
85%
kardiolog
83%
chirurg
78%
neurolog
75%
onkolog
75%
ortopeda
70%
pediatra
70%
urolog
70%
dermatolog
68%
laryngolog
63%
okulista
60%
psychiatra
55%
hematolog
53%
internista
48%
endokrynolog
43%
pulmonolog
43%
alergolog
38%
reumatolog
38%
geriatra
33%
nefrolog
30%
diabetolog
28%
proktolog
25%
gastroenterolog
15%
immunolog
13%
androlog
8%
hepatolog
8%
angiolog
5%
flebolog
5%
medycyny podróży
3%
chorób zakaźnych
0%
medycyny estetycznej
0%
Nie znaleziono quizów pasujących do podanych kryteriów
Rozkład punktacji
Procent ludzi z każdym wynikiem
Percentyl według liczby udzielonych odpowiedzi
Twoja historia wyników
Nie rozwiązałeś tego quizu